Anne adventures / (Record no. 185972)
[ view plain ]
| 000 -LEADER | |
|---|---|
| fixed length control field | 00802 a2200193 4500 |
| 003 - CONTROL NUMBER IDENTIFIER | |
| control field | NUST |
| 005 - DATE AND TIME OF LATEST TRANSACTION | |
| control field | 20230125170959.0 |
| 040 ## - CATALOGING SOURCE | |
| Transcribing agency | Nust |
| 082 ## - DEWEY DECIMAL CLASSIFICATION NUMBER | |
| Classification number | 823,VAL |
| 100 ## - MAIN ENTRY--PERSONAL NAME | |
| Personal name | Valentine |
| 9 (RLIN) | 107678 |
| 245 ## - TITLE STATEMENT | |
| Title | Anne adventures / |
| Statement of responsibility, etc. | Valentine |
| 250 ## - EDITION STATEMENT | |
| Edition statement | 1st ed |
| 260 ## - PUBLICATION, DISTRIBUTION, ETC. | |
| Place of publication, distribution, etc. | Ward, Lock & Co Ltd |
| Name of publisher, distributor, etc. | London |
| Date of publication, distribution, etc. | 1938 |
| 300 ## - PHYSICAL DESCRIPTION | |
| Extent | 282 p.; |
| 505 ## - FORMATTED CONTENTS NOTE | |
| Formatted contents note | Morituri te salutamus (Page-7), Anne Decides to Gamble (Page-39), And Does so (Page-61), Anne Gives A Party (Page-87), Climbing the Long Ladder (Page-113), Introduction Selwyn Manners (Page-135), The Tangled Web (Page-160), Anne is Worried (Page-182), The Truth Comes out (Page-202), Selwyn Manners goes to Town (Page-233), In Berwick Market (Page-256). |
| 600 ## - SUBJECT ADDED ENTRY--PERSONAL NAME | |
| Personal name | Valentine |
| 9 (RLIN) | 107678 |
| 650 ## - SUBJECT ADDED ENTRY--TOPICAL TERM | |
| Topical term or geographic name entry element | Anne adventures |
| 9 (RLIN) | 107679 |
| 942 ## - ADDED ENTRY ELEMENTS (KOHA) | |
| Source of classification or shelving scheme | |
| Koha item type | Book |
| Call number prefix | 823,VAL |
| Withdrawn status | Lost status | Source of classification or shelving scheme | Damaged status | Not for loan | Permanent Location | Current Location | Shelving location | Date acquired | Full call number | Barcode | Date last seen | Price effective from | Koha item type | Public note |
|---|---|---|---|---|---|---|---|---|---|---|---|---|---|---|
| Military College of Signals (MCS) | Military College of Signals (MCS) | General Stacks | 12/12/2016 | 823,VAL | MCS30157 | 12/08/2016 | 12/12/2016 | Book | Almirah No.57, Shelf No.6 |
